Η φιλοσοφία των πατέρων και του μέσου αιώνος

Αποθηκεύτηκε σε:
Λεπτομέρειες βιβλιογραφικής εγγραφής
Κύριος συγγραφέας: Λογοθέτης, Κωνσταντίνος Ι.
Μορφή: Βιβλίο
Γλώσσα:Greek
Δημοσίευση: Αθήναις : Ι.Δ. Κολλάρος, 1930
Θέματα:
Ετικέτες: Προσθήκη ετικέτας
Δεν υπάρχουν, Καταχωρήστε ετικέτα πρώτοι!

MARC

LEADER 00000cam a2200000 i 4500
001 1/21239
008 060109s1930 gre d
035 |l 10081828 
040 |a GR-MY-UA  |b gre  |e aacr 
041 0 |a gre 
082 0 |a 210  |2 (22) 
100 1 |a Λογοθέτης, Κωνσταντίνος Ι. 
245 1 2 |a Η φιλοσοφία των πατέρων και του μέσου αιώνος /  |c Κων. Ι. Λογοθέτου 
260 |a Αθήναις :   |b Ι.Δ. Κολλάρος,   |c 1930 
300 |a 394 σ.;  |c 24 εκ. 
500 |a Μέρος Α' 
504 |a Περιέχει βιβλιογραφικές παραπομπές 
650 0 0 |a Religion  |x Philosophy. 
650 0 0 |a Fathers of the church. 
650 0 0 |a Philosophy, Medieval. 
852 |a INST  |b RHODES  |c KRI  |e 20060109  |h  210 ΛΟΓ  |p 005400021681  |q 005400021681  |t BK  |y 0 
901 |a BIBL4-2006-1 
909 |a Ρ  |b 122916 
970 |a ΣΙΔΕΡΗ  |b ΝΕΚΤΑΡΙΑ  |z 2006/01/09